| 000 | 004210000a22001690004500 | ||
|---|---|---|---|
| 003 | MACL | ||
| 005 | 20160105175632.0 | ||
| 008 | 160105b xxu||||| |||| 00| 0 eng d | ||
| 040 |
_aMACL _cMACL |
||
| 041 | _aEnglish | ||
| 082 | _a823/YAO | ||
| 100 |
_aYao, Hsu Kuang _928416 |
||
| 245 | _aThe Plains are Ablaze | ||
| 260 |
_bForeign Languages Press _c1955 _aPeking |
||
| 650 |
_aNovle _928417 |
||
| 942 |
_cBK _k823/YAO _2ddc |
||
| 999 |
_c38688 _d38688 |
||